000 01243cam a2200217 4500
001 L136925
008 070305s2007 xxk f 000 0 eng d
035 _a(Sirsi) u136925
041 0 _aeng
050 0 4 _a333.72 $2 18
110 2 _aBritish Wind Energy Association
_93338
245 0 0 _aPlanning status report
_bonshore wind March 2007
_h[electronic resource]
260 _aLondon
_bBWEA
_c2007
520 _aReports on the status of wind energy in the UK. Includes findings that Wind energy in the UK wind industry is now a mature industry capable of delivering rapid growth in clean, carbon free electricity supply; that onshore wind is key to meeting Government?s target for 10% of UK electricity supplies to be sourced from renewable energy by 2010, but that the UK is falling behind on the target, with renewables currently generating just 5% of supply compared to the anticipated 6.7%.
590 _aKA
650 2 4 _aSTERN REVIEW ON THE ECONOMICS OF CLIMATE CHANGE
651 4 _aUnited Kingdom
_y
690 _aENVIRONMENTAL AND LAND CONSULTANCY-ENERGY-RENEWABLE ENERGY
856 4 0 _uhttps://www.britishwindenergy.co.uk/media/news/070302.html
_zView the report free of charge online at www.britishwindenergy.co.uk...
942 _n0
999 _c106554
_d106554